| 000 | 00782nam0a22002291 4500 | ||
|---|---|---|---|
| 001 | rc\4384356 | ||
| 005 | 20250611164314.0 | ||
| 035 | _a(NLR Aleph) 008291237 | ||
| 090 |
_a8577519 _c8577519 |
||
| 100 | _a20130416d1968 |||y0rusy50 ca | ||
| 101 | 0 | _arus | |
| 102 | _aRU | ||
| 105 | _ay z ||||| | ||
| 200 | 1 | _aПрограммы "Голотип" для решения задач распознавания образов | |
| 210 |
_aАлма-Ата _cБ. и. _d1968 |
||
| 300 | _aИсточник: Загоруйко, Н.Г. Методы распознавания и их применение. М., 1972, с. 192, № 18 | ||
| 700 | 1 |
_aВоронин _bЮ.А. |
|
| 801 | 0 |
_aRU _bNLR _gpsbo |
|
| 801 | 1 |
_aRU _bELAR _2rusmarc |
|
| 852 |
_aNLR _jDesideratum |
||
| 942 | _cBOOK | ||
| 980 | _aNB | ||